LIBRARY & INFORMATION CENTRE, KCAET, TAVANUR

ONLINE PUBLIC ACCESS CATALOGUE (OPAC)

Sahitya Samputan / (Record no. 11742)

MARC details
000 -LEADER
fixed length control field 00409cam a2200157ua 4500
041 ## - LANGUAGE CODE
Language code of text/sound track or separate title mal
082 ## - DEWEY DECIMAL CLASSIFICATION NUMBER
Classification number 894.81209
Item number KUN/SA
100 ## - MAIN ENTRY--AUTHOR NAME
Personal name Kunchunni Menon, .
245 ## - TITLE STATEMENT
Title Sahitya Samputan /
260 ## - PUBLICATION, DISTRIBUTION, ETC. (IMPRINT)
Place of publication Trivandram :
Name of publisher Kunchunni Menon K.K ,
Year of publication 1957.
300 ## - PHYSICAL DESCRIPTION
Number of Pages 224 ; .

No items available.

free website counter